|
|
|
|
| LEADER |
00000nab a2200000 ar4500 |
| 001 |
vtls010193509 |
| 003 |
SK-MaSNL |
| 005 |
20260304032506.0 |
| 008 |
101201c2010 xo ||||||||||||00 b|slo |
| 015 |
|
|
|a SNBRB2010/12
|2 snkbucl
|
| 038 |
|
|
|a SNKBUCL
|
| 040 |
|
|
|a SNKBUCL
|b slo
|c SNKBUCL
|e AACR2
|
| 041 |
0 |
|
|a slo
|
| 044 |
|
|
|a xo
|c SK
|
| 080 |
|
|
|a 316.728
|x (048)
|2 2001
|
| 080 |
|
|
|a 316.728-021.465
|x (048)
|2 2001
|
| 080 |
|
|
|a 159.955.5
|x (048)
|2 2001
|
| 080 |
|
|
|a 316.752
|x (048)
|2 2001
|
| 100 |
1 |
|
|a Mikluščinová, Katarína
|4 aut
|9 855790
|
| 245 |
1 |
0 |
|a Suzy Welchová: 10 minút, 10 mesiacov, 10 rokov
|c Katarína Mikluščinová
|
| 650 |
0 |
7 |
|a životný štýl
|2 snkbucl
|9 1704
|
| 650 |
0 |
7 |
|a kvalita života
|2 snkbucl
|9 1705
|
| 650 |
0 |
7 |
|a rozhodovanie
|2 snkbucl
|9 1671
|
| 650 |
0 |
7 |
|a hodnotová orientácia
|2 snkbucl
|9 1021
|
| 650 |
0 |
7 |
|a príručky
|2 snkbucl
|9 308973
|
| 655 |
|
7 |
|a recenzie
|2 snkbucl
|9 21907
|
| 740 |
0 |
2 |
|a Myšlienka, ktorá môže zmeniť život
|
| 740 |
0 |
2 |
|a Desať minút - 10 mesiacov - 10 rokov
|
| 773 |
0 |
|
|t Knižná revue
|g Roč. XX, č. 21 (2010), s. 10
|x 1210-1982
|
| 787 |
0 |
8 |
|i Rec.:
|a Welch, Suzy
|t 10 minút - 10 mesiacov - 10 rokov : myšlienka, ktorá môže zmeniť život
|d Bratislava : Ikar, 2010
|z 9788055122236
|
| 852 |
|
|
|a SNK
|b KIS3GCP
|
| 958 |
|
|
|a RC
|
| 999 |
|
|
|c 2643413
|d 2645343
|